| 000 -LEADER |
| fixed length control field |
00659cam a2200205 a 4500 |
| 020 ## - INTERNATIONAL STANDARD BOOK NUMBER |
| ISBN |
9780802090348 (cloth) |
| 020 ## - INTERNATIONAL STANDARD BOOK NUMBER |
| ISBN |
0802090346 (cloth) |
| 020 ## - INTERNATIONAL STANDARD BOOK NUMBER |
| ISBN |
9780802093752 (pbk.) |
| 020 ## - INTERNATIONAL STANDARD BOOK NUMBER |
| ISBN |
0802093752 (pbk.) |
| 040 ## - CATALOGING SOURCE |
| Transcribing agency |
NLC |
| 082 04 - DEWEY DECIMAL CLASSIFICATION NUMBER |
| Classification number |
081 ADB 2009 C337 Or. |
| 100 1# - MAIN ENTRY--AUTHOR NAME |
| Personal name |
Waring, Marilyn, |
| 245 10 - TITLE STATEMENT |
| Title |
THAILAND: National environmental performance assessment(EPA) report. |
| 260 ## - PUBLICATION, DISTRIBUTION, ETC. (IMPRINT) |
| Place of publication |
Toronto ; |
| -- |
Buffalo, NY : |
| Name of publisher |
University of Toronto Press, |
| Year of publication |
c2009 |
| 300 ## - PHYSICAL DESCRIPTION |
| Number of Pages |
xii, 230 p. ; |
| Dimensions |
23 cm |
| 500 ## - GENERAL NOTE |
| General note |
"Updated, revised North American ed. of: In the lifetime of a goat"--T.p. verso |
| 650 #0 - SUBJECT ADDED ENTRY--TOPICAL TERM |
| Topical Term |
Women |
| 650 #0 - SUBJECT ADDED ENTRY--TOPICAL TERM |
| Topical Term |
World politics |
| 942 ## - ADDED ENTRY ELEMENTS (KOHA) |
| Koha item type |
ឯកសារស្រាវជ្រាវ |
| 952 ## - LOCATION AND ITEM INFORMATION (KOHA) |
| Withdrawn status [LOCAL, KOHA] |
0 |